000
00318 a2200109 4500
001
ART_58054
005
20260410161635.0
008
260409a
245
1
0
_a
Evaluación de riesgos con un enfoque amplio
100
1
_a
D´Onofrio, Paula Alejandra
773
0
_t
Enfoques
_g
- N° 3 (mar. 2023)
_w
REV416
999
_c
12844
_d
12844